[Event "19th Hogeschool Zeeland Tournament"]
[Site "Vlissingen"]
[Date "2015.08.05"]
[Round "6"]
[Board "46"]
[White "Goossens, Xavier"]
[Black "Van Randtwijk, Mick"]
[Result "1-0"]
[WhiteElo "2094"]
[BlackElo "1814"]
[PlyCount "59"]
[EventDate "2015.08.01"]
[EventRounds "9"]
[EventCountry "NED"]

1. e4 c5 2. Nf3 Nc6 3. d4 cxd4 4. Nxd4 g6 5. c4 Bg7 6. Be3 Nf6 7. Nc3 d6 8. Be2
Nxd4 9. Bxd4 O-O 10. O-O a5 11. b3 Be6 12. f4 a4 13. f5 Bd7 14. b4 Qc8 15. Rc1
a3 16. Qd3 Ne8 17. Nd5 Bxd4+ 18. Qxd4 Qd8 19. Rcd1 Nc7 20. Nb6 Rb8 21. Rd3 Na6
22. Nd5 Bc6 23. Rxa3 Bxd5 24. cxd5 Qc8 25. fxg6 hxg6 26. Rc3 Qd7 27. Rh3 f6 28.
e5 dxe5 29. Qe4 Qe8 30. Qh4 1-0

[Event "19th Hogeschool Zeeland Tournament"]
[Site "Vlissingen"]
[Date "2015.08.05"]
[Round "6"]
[Board "47"]
[White "Bruschke, Alexander"]
[Black "Ducarmon, Renzo"]
[Result "0-1"]
[WhiteElo "1555"]
[BlackElo "2092"]
[PlyCount "98"]
[EventDate "2015.08.01"]
[EventRounds "9"]
[EventCountry "NED"]

1. e4 c5 2. Nc3 Nc6 3. f4 g6 4. Nf3 Bg7 5. Bb5 Nd4 6. O-O Nxb5 7. Nxb5 d5 8. d3
Nf6 9. e5 Ng4 10. Nc3 a6 11. Qe1 Nh6 12. Ne2 O-O 13. h3 f5 14. c3 b6 15. Be3
Nf7 16. h4 h5 17. b3 Nh6 18. Qg3 Ng4 19. Nh2 e6 20. Nxg4 hxg4 21. d4 cxd4 22.
Nxd4 Kf7 23. Qf2 Rh8 24. g3 Bf8 25. b4 Bd7 26. a4 Qe8 27. a5 bxa5 28. Rxa5 Qc8
29. Rc1 Be7 30. Nb3 Qc4 31. Qc2 Bb5 32. Bc5 Bd8 33. Raa1 Be7 34. Bxe7 Kxe7 35.
Ra5 Rhc8 36. Nc5 d4 37. Qd2 dxc3 38. Qd6+ Kf7 39. Rxb5 axb5 40. Qd7+ Kg8 41.
Nxe6 Ra7 42. Qxa7 Qxe6 43. Qa3 c2 44. Qd3 Qb6+ 45. Kf1 Qc6 46. Ke1 Qh1+ 47. Kd2
Qg2+ 48. Qe2 Rd8+ 49. Ke1 Qg1+ 0-1

[Event "19th Hogeschool Zeeland Tournament"]
[Site "Vlissingen"]
[Date "2015.08.05"]
[Round "6"]
[Board "48"]
[White "Milort, Gerard"]
[Black "Yankelevich, Lev"]
[Result "0-1"]
[WhiteElo "1882"]
[BlackElo "2420"]
[PlyCount "76"]
[EventDate "2015.08.01"]
[EventRounds "9"]
[EventCountry "NED"]

1. d4 Nf6 2. Nf3 b6 3. c4 Bb7 4. Nc3 e6 5. a3 d5 6. Bg5 Be7 7. e3 Nbd7 8. Rc1
O-O 9. cxd5 exd5 10. Bd3 c5 11. O-O c4 12. Bb1 a6 13. Ne5 b5 14. Qf3 Nxe5 15.
dxe5 Nd7 16. Qh3 g6 17. Bh6 Nxe5 18. Bxf8 Bxf8 19. Rcd1 Bg7 20. Nxd5 Bxd5 21.
e4 Nd3 22. Bxd3 Be6 23. Qg3 cxd3 24. Rxd3 Qb8 25. Rfd1 Bf6 26. f4 Qc7 27. b4
Kg7 28. Qf3 Re8 29. g4 Bc4 30. Rd6 Be7 31. Rd7 Qb6+ 32. Kg2 Qc6 33. g5 Be6 34.
R7d3 Bc4 35. Rd7 Bf8 36. R1d4 Be6 37. Ra7 Rc8 38. Rd3 Qb6 0-1

[Event "19th Hogeschool Zeeland Tournament"]
[Site "Vlissingen"]
[Date "2015.08.05"]
[Round "6"]
[Board "49"]
[White "Provoost, Simon"]
[Black "Oud, Niek"]
[Result "1-0"]
[WhiteElo "2240"]
[BlackElo "1936"]
[PlyCount "57"]
[EventDate "2015.08.01"]
[EventRounds "9"]
[EventCountry "NED"]

1. e4 c5 2. Nf3 Nc6 3. Bb5 Nf6 4. e5 Nd5 5. O-O g6 6. Re1 Bg7 7. c3 O-O 8. d4
cxd4 9. cxd4 a6 10. Bc4 Nb6 11. Bb3 d5 12. Bd2 Bg4 13. Bc3 e6 14. Nbd2 Nd7 15.
h3 Bxf3 16. Nxf3 b5 17. Bc2 Qb6 18. Qd3 Rac8 19. h4 b4 20. Bd2 a5 21. Rad1 Ne7
22. Bg5 Nf5 23. Ba4 Rc7 24. g4 Nh6 25. Nh2 Rfc8 26. Qd2 Nxg4 27. Nxg4 h5 28.
Bxd7 Rxd7 29. Nf6+ 1-0

[Event "19th Hogeschool Zeeland Tournament"]
[Site "Vlissingen"]
[Date "2015.08.05"]
[Round "6"]
[Board "50"]
[White "Sparenberg, Erik"]
[Black "Bulthuis, Jelle"]
[Result "0-1"]
[WhiteElo "2117"]
[BlackElo "1907"]
[PlyCount "148"]
[EventDate "2015.08.01"]
[EventRounds "9"]
[EventCountry "NED"]

1. e4 e5 2. Nf3 Nc6 3. Bb5 a6 4. Ba4 Nf6 5. O-O b5 6. Bb3 Be7 7. Re1 O-O 8. d4
d6 9. c3 h6 10. Nbd2 Re8 11. d5 Nb8 12. a4 Bb7 13. Nf1 Nbd7 14. Ng3 Bf8 15. Bc2
c6 16. dxc6 Bxc6 17. axb5 axb5 18. Rxa8 Qxa8 19. Nd2 Nc5 20. f3 g6 21. Ndf1 Kh7
22. Ne3 Ne6 23. Bb3 Qb7 24. Qd2 Nc5 25. Bc2 Bd7 26. b3 Be6 27. c4 bxc4 28. bxc4
Nb3 29. Bxb3 Qxb3 30. Nd5 Nd7 31. Re3 Qxc4 32. Rc3 Qd4+ 33. Qxd4 exd4 34. Rc7
Bxd5 35. exd5 Nc5 36. Kf1 Kg8 37. Ra7 d3 38. Ra3 f5 39. Kf2 Re5 40. Ra8 Kf7 41.
Ra7+ Be7 42. Bxh6 Rxd5 43. Nf1 Re5 44. Bg5 Re2+ 45. Kg1 Nb3 46. Bxe7 Rxe7 47.
Rxe7+ Kxe7 48. Kf2 f4 49. Ke1 Ke6 50. Nd2 Nc5 51. Kf2 Kd5 52. g3 fxg3+ 53. hxg3
Kd4 54. g4 g5 55. f4 gxf4 56. g5 Ne6 57. g6 Ke5 58. Nc4+ Kf6 59. Nxd6 Kxg6 60.
Nc4 Kf5 61. Nd2 Ke5 62. Kf3 Kd4 63. Nb1 Kd5 64. Nd2 Ke5 65. Kf2 Kd4 66. Nb1 Ng5
67. Ke1 Nf3+ 68. Kd1 Ke3 69. Nc3 Ne5 70. Nd5+ Kf3 71. Ke1 Kg3 72. Kf1 f3 73.
Ne3 d2 74. Nd1 Ng4 0-1

[Event "19th Hogeschool Zeeland Tournament"]
[Site "Vlissingen"]
[Date "2015.08.06"]
[Round "7"]
[Board "13"]
[White "Van Delft, Merijn"]
[Black "Hoogland, Mike"]
[Result "1-0"]
[WhiteElo "2410"]
[BlackElo "2035"]
[PlyCount "81"]
[EventDate "2015.08.01"]
[EventRounds "9"]
[EventCountry "NED"]

1. e4 c5 2. Nf3 d6 3. d4 cxd4 4. Nxd4 Nf6 5. Nc3 a6 6. Bg5 Nbd7 7. Qe2 e5 8.
Nf5 h6 9. Bxf6 Nxf6 10. Ne3 Be6 11. g3 Rc8 12. Qd3 h5 13. Bg2 h4 14. O-O-O h3
15. Bf3 g6 16. Kb1 Rc5 17. Rhe1 Be7 18. Bh1 b5 19. f4 Qc8 20. Rf1 Bc4 21. Nxc4
Rxc4 22. Bf3 O-O 23. Rd2 Qc5 24. Nd5 Nxd5 25. Qxd5 Qxd5 26. Rxd5 f5 27. exf5
exf4 28. g4 Kg7 29. Re1 Bh4 30. Re6 gxf5 31. gxf5 Rf6 32. Rdxd6 Rxf5 33. Rg6+
Kf7 34. Rh6 Be7 35. Rh7+ Kf8 36. Rxa6 Rd4 37. Rxh3 Re5 38. Ra8+ Bd8 39. Rh8+
Ke7 40. Rh7+ Kf6 41. Ra6+ 1-0

[Event "19th Hogeschool Zeeland Tournament"]
[Site "Vlissingen"]
[Date "2015.08.06"]
[Round "7"]
[Board "14"]
[White "Warmerdam, Max"]
[Black "Mu, Ke"]
[Result "0-1"]
[WhiteElo "2236"]
[BlackElo "2380"]
[PlyCount "74"]
[EventDate "2015.08.01"]
[EventRounds "9"]
[EventCountry "NED"]

1. e4 e6 2. d4 d5 3. Nc3 Bb4 4. e5 c5 5. a3 Bxc3+ 6. bxc3 Ne7 7. a4 Qa5 8. Qd2
O-O 9. Nf3 f6 10. exf6 Rxf6 11. Bd3 Nd7 12. O-O Nf5 13. Re1 c4 14. Bf1 h6 15.
Ne5 Nxe5 16. Rxe5 Nd6 17. f3 Bd7 18. Qe1 Re8 19. Ba3 Nf7 20. Re3 Qc7 21. a5 e5
22. g3 e4 23. fxe4 dxe4 24. Rxe4 Rxe4 25. Qxe4 Ng5 26. Qd5+ Be6 27. Qc5 Qf7 28.
Bg2 Rf2 29. Qf8+ Qxf8 30. Bxf8 Rxf8 31. Bxb7 Nh3+ 32. Kh1 Rf2 33. Re1 Bf5 34.
Bd5+ Kh7 35. Bxc4 Rxc2 36. Re5 Bg6 37. Re3 Rxc3 0-1

[Event "19th Hogeschool Zeeland Tournament"]
[Site "Vlissingen"]
[Date "2015.08.06"]
[Round "7"]
[Board "15"]
[White "Erwich, Frank"]
[Black "Lam, Daniel King-Wai"]
[Result "1/2-1/2"]
[WhiteElo "2358"]
[BlackElo "2098"]
[PlyCount "37"]
[EventDate "2015.08.01"]
[EventRounds "9"]
[EventCountry "NED"]

1. e4 c5 2. Nf3 d6 3. Bb5+ Bd7 4. Bxd7+ Qxd7 5. O-O Nc6 6. c3 Nf6 7. d4 Nxe4 8.
d5 Ne5 9. Re1 Nxf3+ 10. Qxf3 Nf6 11. Na3 O-O-O 12. b4 cxb4 13. cxb4 Kb8 14. Be3
e5 15. Nc4 Qb5 16. Rec1 Be7 17. Rc2 e4 18. Qd1 Nxd5 19. Bd4 1/2-1/2

[Event "19th Hogeschool Zeeland Tournament"]
[Site "Vlissingen"]
[Date "2015.08.06"]
[Round "7"]
[Board "16"]
[White "Goldie, Thomas"]
[Black "Palit, Somak"]
[Result "0-1"]
[WhiteElo "2067"]
[BlackElo "2345"]
[PlyCount "80"]
[EventDate "2015.08.01"]
[EventRounds "9"]
[EventCountry "NED"]

1. e4 b6 2. d4 Bb7 3. Bd3 c5 4. Nf3 cxd4 5. Nxd4 e6 6. O-O a6 7. Nc3 d6 8. Bc4
Qc8 9. Bb3 Nd7 10. Bxe6 fxe6 11. Nxe6 Ngf6 12. Bf4 Nc5 13. Nxf8 Kxf8 14. Qxd6+
Kf7 15. e5 Nfe4 16. Nxe4 Bxe4 17. Be3 Rb8 18. Bxc5 bxc5 19. Rfe1 Rd8 20. e6+
Kg8 21. Qe5 Bg6 22. e7 Re8 23. b3 Rb7 24. Qd6 Rd7 25. Qe6+ Bf7 26. Qh3 Qc7 27.
Qc3 Rdxe7 28. Rxe7 Qxe7 29. Rd1 Qe2 30. Rf1 Re5 31. Qg3 h6 32. f4 Re3 33. Qf2
Bd5 34. c4 Be4 35. g3 Qd3 36. Re1 Rxe1+ 37. Qxe1 Qc2 38. Qf2 Qb1+ 39. Qf1 Qxa2
40. f5 Qb1 0-1

[Event "19th Hogeschool Zeeland Tournament"]
[Site "Vlissingen"]
[Date "2015.08.06"]
[Round "7"]
[Board "17"]
[White "Ikonnikov, Vyacheslav"]
[Black "Boucquet, Emile"]
[Result "1-0"]
[WhiteElo "2519"]
[BlackElo "2161"]
[PlyCount "77"]
[EventDate "2015.08.01"]
[EventRounds "9"]
[EventCountry "NED"]

1. e4 c5 2. Nf3 d6 3. c3 Nf6 4. h3 g6 5. Bd3 Bg7 6. O-O O-O 7. Bc2 a6 8. d4
Nbd7 9. a4 b6 10. Re1 Ne8 11. Bg5 Bb7 12. Na3 Rc8 13. Qe2 Nb8 14. d5 Qc7 15.
Bb3 Nf6 16. Rad1 h6 17. Bf4 Nbd7 18. Bh2 Ne8 19. Bc4 Ra8 20. e5 dxe5 21. Nxe5
Nxe5 22. Bxe5 Nd6 23. Bxg7 Kxg7 24. Qe5+ Kg8 25. Qxe7 Qxe7 26. Rxe7 Rfd8 27.
Be2 Kf8 28. Rc7 Rac8 29. Rxc8 Rxc8 30. c4 Ke7 31. Bd3 Kf6 32. f4 Re8 33. Kf2
Nf5 34. Bxf5 Kxf5 35. Kf3 h5 36. Nc2 Bc8 37. a5 Bd7 38. axb6 Ba4 39. Ne3+ 1-0

[Event "19th Hogeschool Zeeland Tournament"]
[Site "Vlissingen"]
[Date "2015.08.06"]
[Round "7"]
[Board "18"]
[White "Lentjes, Noud"]
[Black "Stark, Lars"]
[Result "1/2-1/2"]
[WhiteElo "2116"]
[BlackElo "2437"]
[PlyCount "94"]
[EventDate "2015.08.01"]
[EventRounds "9"]
[EventCountry "NED"]

1. e4 e6 2. d4 d5 3. Nc3 Nf6 4. Bg5 dxe4 5. Nxe4 Be7 6. Bxf6 gxf6 7. Nf3 f5 8.
Nc3 a6 9. g3 b5 10. Bg2 Bb7 11. O-O Bf6 12. Ne2 Qd6 13. Nf4 Nd7 14. Qe2 Nb6 15.
Rac1 Rg8 16. Rfd1 Rd8 17. Ne5 Bxg2 18. Kxg2 Nd5 19. Nfd3 Bxe5 20. Qxe5 h5 21.
c4 bxc4 22. Rxc4 h4 23. Qxd6 Rxd6 24. Rdc1 hxg3 25. hxg3 f4 26. Kf3 fxg3 27.
fxg3 Rg5 28. Nf4 Rf5 29. Ke4 Rg5 30. Kf3 Rf5 31. Ke4 Kd8 32. Nxd5 Rfxd5 33. Ke3
Rd7 34. Ra4 R5d6 35. Rc5 Kc8 36. Rac4 Rd5 37. b4 Kb7 38. a4 Re7 39. Ke4 Red7
40. Ke3 f5 41. b5 axb5 42. axb5 Kb6 43. Rc6+ Kxb5 44. Rxc7 Rxc7 45. Rxc7 Rd6
46. Rc5+ Kb6 47. g4 fxg4 1/2-1/2

[Event "19th Hogeschool Zeeland Tournament"]
[Site "Vlissingen"]
[Date "2015.08.06"]
[Round "7"]
[Board "19"]
[White "Vrolijk, Liam"]
[Black "Beshukov, Sergei"]
[Result "0-1"]
[WhiteElo "2095"]
[BlackElo "2382"]
[PlyCount "98"]
[EventDate "2015.08.01"]
[EventRounds "9"]
[EventCountry "NED"]

1. d4 d5 2. c4 c6 3. Nc3 Nf6 4. Nf3 e6 5. e3 Nbd7 6. Qc2 b6 7. cxd5 exd5 8. Bd3
Bb7 9. O-O Be7 10. Re1 O-O 11. Bd2 c5 12. Rad1 Re8 13. Qb1 Nf8 14. Bb5 N8d7 15.
Bd3 a6 16. e4 cxd4 17. Nxd5 Nxd5 18. exd5 Nf6 19. Bg5 h6 20. Bh4 Qxd5 21. Bf5
d3 22. Re5 Qc6 23. Rxd3 Bc5 24. Qf1 a5 25. Rd1 Red8 26. Bd3 Rd6 27. Ree1 Qc8
28. Bg3 Rd8 29. Ne5 Ng4 30. Nxg4 Qxg4 31. Qe2 Qxe2 32. Bxe2 Bc6 33. Bc7 Re8 34.
Bg4 Rxe1+ 35. Rxe1 a4 36. Rc1 Re8 37. h4 Bd5 38. a3 Bb3 39. Bf3 Bd4 40. Rb1 Rc8
41. Bg3 Bf6 42. h5 Rc2 43. Re1 Be6 44. Re4 b5 45. Be5 Bxe5 46. Rxe5 Rxb2 47.
Bc6 b4 48. axb4 a3 49. Ra5 a2 0-1

[Event "19th Hogeschool Zeeland Tournament"]
[Site "Vlissingen"]
[Date "2015.08.06"]
[Round "7"]
[Board "20"]
[White "Van Overdam, Julian"]
[Black "Lacrosse, Marc"]
[Result "1-0"]
[WhiteElo "2367"]
[BlackElo "2139"]
[PlyCount "207"]
[EventDate "2015.08.01"]
[EventRounds "9"]
[EventCountry "NED"]

1. e4 e5 2. Nf3 Nc6 3. d4 exd4 4. Nxd4 Bc5 5. Nxc6 bxc6 6. Nc3 d6 7. Na4 Bb6 8.
Bd3 h6 9. O-O Nf6 10. b3 O-O 11. Bb2 Re8 12. Qf3 Nd7 13. c4 Qg5 14. Bc2 Ne5 15.
Qg3 Qxg3 16. hxg3 Nd7 17. Rfe1 f6 18. Rad1 Bb7 19. Nc3 Re7 20. Kf1 Rae8 21. a3
Ne5 22. f3 Ba5 23. b4 Bb6 24. Bb3 Kh8 25. Re2 Ba6 26. b5 Bb7 27. a4 Nd7 28. g4
Nc5 29. Bc2 Ne6 30. Red2 Ba5 31. g3 c5 32. Rf2 Ng5 33. Kg2 Nf7 34. Nd5 Bxd5 35.
Rxd5 Ne5 36. Bb3 Kg8 37. Kh3 Nd7 38. Re2 Kf7 39. Bc2 Kf8 40. Bb3 Nb6 41. Rd1
Nd7 42. Kg2 Ne5 43. Rd5 Nd7 44. Kf2 Ne5 45. Rc2 Nf7 46. Rh5 Ne5 47. Bc1 Nd3+
48. Ke3 Nxc1 49. Rxc1 Re5 50. Rh2 Kf7 51. Ba2 Bb4 52. Bb1 Ba5 53. f4 R5e7 54.
Rh5 Bb4 55. Bd3 Ba5 56. Rc2 Bb4 57. Rh1 Ba5 58. Ra2 Re6 59. Kf3 R6e7 60. Rhh2
Re6 61. Rhe2 R6e7 62. Re3 Re6 63. Bf1 R6e7 64. Bh3 Kg6 65. Bg2 Kf7 66. Ke2 Kg6
67. Kd3 Kf7 68. Bf3 Kg6 69. Rh2 Kf7 70. Rh5 Bb4 71. Rf5 Kg8 72. Re2 Ba5 73. e5
fxe5 74. Bd5+ Kh7 75. Bc6 g6 76. Rf6 Kg7 77. Bxe8 Kxf6 78. Bc6 exf4 79. Rxe7
Kxe7 80. gxf4 g5 81. f5 Kf6 82. Ke4 Bc3 83. Bd7 Ke7 84. Be6 c6 85. bxc6 Ba5 86.
Kd5 Bc7 87. a5 Kf6 88. Ke4 Bxa5 89. Kd3 Bc7 90. Kc3 Ba5+ 91. Kb3 Ke7 92. Ka4
Bc7 93. Kb5 a5 94. Bd5 Kf6 95. Be4 Ke5 96. Bc2 Kf6 97. Ka6 Bd8 98. Kb7 h5 99.
gxh5 Kg7 100. Kc8 Bb6 101. Kd7 g4 102. h6+ Kxh6 103. f6 g3 104. f7 1-0

[Event "19th Hogeschool Zeeland Tournament"]
[Site "Vlissingen"]
[Date "2015.08.06"]
[Round "7"]
[Board "21"]
[White "Van Dooren, Dirk"]
[Black "Goossens, Xavier"]
[Result "1-0"]
[WhiteElo "2333"]
[BlackElo "2094"]
[PlyCount "87"]
[EventDate "2015.08.01"]
[EventRounds "9"]
[EventCountry "NED"]

1. e4 e5 2. f4 d5 3. exd5 e4 4. d3 Nf6 5. dxe4 Nxe4 6. Nf3 Bc5 7. Qe2 Bf5 8.
Nc3 Qe7 9. Be3 Nxc3 10. Bxc5 Nxe2 11. Bxe7 Nxf4 12. Ba3 Be4 13. O-O-O Bxd5 14.
Bb5+ Bc6 15. Rhe1+ Ne6 16. Bc4 Bxf3 17. Bxe6 Bxd1 18. Bh3+ Kd8 19. Rxd1+ Ke8
20. Re1+ Kd8 21. Rd1+ Ke8 22. Bc8 a6 23. Bxb7 Ra7 24. Bf3 a5 25. Re1+ Kd8 26.
Re7 Rf8 27. Rxc7 Kxc7 28. Bxf8 g6 29. Bd5 Nd7 30. Be7 Ne5 31. Bc5 Ra6 32. Bd4
Kd6 33. Bb7 Nc6 34. Bf2 Nb8 35. Bg3+ Kd7 36. Bxa6 Nxa6 37. Be1 a4 38. b3 axb3
39. cxb3 Nc5 40. Kd2 Ke6 41. b4 Ne4+ 42. Kd3 Kd5 43. a4 f5 44. a5 1-0

[Event "19th Hogeschool Zeeland Tournament"]
[Site "Vlissingen"]
[Date "2015.08.06"]
[Round "7"]
[Board "22"]
[White "De Jong, Migchiel"]
[Black "Sekandar, Kambiz"]
[Result "1-0"]
[WhiteElo "2319"]
[BlackElo "2130"]
[PlyCount "149"]
[EventDate "2015.08.01"]
[EventRounds "9"]
[EventCountry "NED"]

1. Nf3 Nf6 2. c4 e6 3. g3 Be7 4. Bg2 O-O 5. d4 d5 6. O-O dxc4 7. Qc2 a6 8. a4
Bd7 9. Qxc4 b5 10. Qc2 Bc6 11. Bf4 Bd6 12. Bg5 h6 13. Bxf6 Qxf6 14. Nbd2 bxa4
15. e4 e5 16. dxe5 Bxe5 17. Nc4 Bd4 18. e5 Qd8 19. Rad1 Bxf3 20. Bxf3 Ra7 21.
Qxa4 c5 22. Rfe1 Re7 23. Re4 Qd7 24. Qb3 Qb5 25. Qc2 Nd7 26. Nd6 Qb6 27. Nf5
Rxe5 28. Rg4 Rxf5 29. Qxf5 Nf6 30. Rf4 g5 31. Rdxd4 gxf4 32. Rxf4 Kg7 33. Qe5
Rd8 34. Rg4+ Kf8 35. Rc4 Rd3 36. Kg2 Rb3 37. Rf4 Kg7 38. Bd5 Rb4 39. Rf5 Rd4
40. Bf3 Rd2 41. Rg5+ Kf8 42. Qxc5+ Qxc5 43. Rxc5 Rxb2 44. Rc6 Kg7 45. Rxa6 Rd2
46. h4 Nd5 47. Kf1 Nf6 48. Be2 Rc2 49. Ra7 Rc3 50. Rb7 Rc2 51. Ke1 Ne4 52. Kf1
Nf6 53. Bd3 Rd2 54. Bf5 Kg8 55. Kg2 Rd5 56. Bc2 Rd6 57. Bb3 Nd7 58. f4 Kg7 59.
h5 Rd3 60. Kh3 Kf6 61. Kh4 Rd2 62. g4 Rh2+ 63. Kg3 Rd2 64. Bc4 Rd4 65. Rc7 Kg7
66. Kf3 Rd1 67. Ke2 Rd4 68. Ke3 Rd1 69. Bb3 Rd6 70. g5 hxg5 71. fxg5 Rb6 72.
Bxf7 Kxf7 73. Rxd7+ Ke6 74. Rg7 Rb3+ 75. Kd4 1-0

[Event "19th Hogeschool Zeeland Tournament"]
[Site "Vlissingen"]
[Date "2015.08.06"]
[Round "7"]
[Board "23"]
[White "Smeets, Pierre"]
[Black "Van Foreest, Lucas"]
[Result "0-1"]
[WhiteElo "2082"]
[BlackElo "2293"]
[PlyCount "66"]
[EventDate "2015.08.01"]
[EventRounds "9"]
[EventCountry "NED"]

1. c4 Nf6 2. g3 g6 3. Bg2 Bg7 4. Nc3 O-O 5. e4 d6 6. Nge2 c5 7. d3 Nc6 8. h3
Bd7 9. O-O a6 10. Be3 Rb8 11. Qd2 b5 12. f4 Ne8 13. f5 Nd4 14. fxg6 Nxe2+ 15.
Qxe2 hxg6 16. Rac1 Nc7 17. b3 Ne6 18. Nd5 bxc4 19. dxc4 a5 20. Qd2 a4 21. b4
cxb4 22. Nxb4 Be5 23. Kh2 Nc5 24. Rb1 Re8 25. Nd5 Rxb1 26. Rxb1 e6 27. Nf4 Bc6
28. Bxc5 dxc5 29. Qe2 Qg5 30. Rb6 Bxf4 31. gxf4 Qxf4+ 32. Kg1 Qc7 33. Rb2 Qe5
 0-1

[Event "19th Hogeschool Zeeland Tournament"]
[Site "Vlissingen"]
[Date "2015.08.06"]
[Round "7"]
[Board "24"]
[White "Stillger, Bernhard"]
[Black "Kampman, Tijmen"]
[Result "1-0"]
[WhiteElo "2279"]
[BlackElo "2102"]
[PlyCount "97"]
[EventDate "2015.08.01"]
[EventRounds "9"]
[EventCountry "NED"]

1. Nf3 f5 2. g3 Nf6 3. Bg2 g6 4. d4 Bg7 5. O-O O-O 6. b3 c6 7. Bb2 d6 8. Nbd2
Qe8 9. e3 Na6 10. Qe2 Nc7 11. Ne1 Ne6 12. Nd3 Ng5 13. f3 h5 14. Rae1 Kh7 15.
Nf2 Bd7 16. f4 Ne6 17. e4 fxe4 18. Nfxe4 Nxe4 19. Qxe4 c5 20. Nf3 cxd4 21. Bh3
Nc5 22. Bxd7 Qxd7 23. Qxe7 Qxe7 24. Rxe7 Kg8 25. Bxd4 Bxd4+ 26. Nxd4 Rae8 27.
Rfe1 Rxe7 28. Rxe7 Rf7 29. Rxf7 Kxf7 30. Nb5 Ne4 31. Nxa7 Ke6 32. Nb5 Kd5 33.
Kg2 Kc5 34. a4 d5 35. Kf3 Nd2+ 36. Ke2 Ne4 37. Ke3 Nf6 38. h3 h4 39. gxh4 d4+
40. Kf3 b6 41. f5 gxf5 42. Kf4 Nd5+ 43. Kxf5 Ne3+ 44. Ke4 Nxc2 45. h5 Ne3 46.
Nxd4 Nd5 47. Ke5 Ne7 48. Nf5 Ng8 49. h6 1-0

[Event "19th Hogeschool Zeeland Tournament"]
[Site "Vlissingen"]
[Date "2015.08.06"]
[Round "7"]
[Board "25"]
[White "Wunnink, Michael"]
[Black "Ducarmon, Renzo"]
[Result "1/2-1/2"]
[WhiteElo "2253"]
[BlackElo "2092"]
[PlyCount "55"]
[EventDate "2015.08.01"]
[EventRounds "9"]
[EventCountry "NED"]

1. d4 Nf6 2. c4 g6 3. Nc3 Bg7 4. e4 d6 5. Nf3 O-O 6. Be2 e5 7. Be3 h6 8. dxe5
dxe5 9. Nxe5 Nxe4 10. Nxe4 Bxe5 11. Bxh6 Qxd1+ 12. Rxd1 Re8 13. Bc1 Nc6 14. O-O
Bxh2+ 15. Kxh2 Rxe4 16. Be3 Be6 17. b3 Ne5 18. Rd4 Ng4+ 19. Bxg4 Rxg4 20. Rd2
Kg7 21. Re1 Rh8+ 22. Kg1 Rgh4 23. Bd4+ f6 24. f3 Rh1+ 25. Kf2 Rxe1 26. Kxe1 b6
27. Be3 Kf7 28. Bf4 1/2-1/2

[Event "19th Hogeschool Zeeland Tournament"]
[Site "Vlissingen"]
[Date "2015.08.06"]
[Round "7"]
[Board "26"]
[White "Foisor, Sabina-Francesca"]
[Black "Krasenkova, Ilena"]
[Result "1-0"]
[WhiteElo "2230"]
[BlackElo "2087"]
[PlyCount "125"]
[EventDate "2015.08.01"]
[EventRounds "9"]
[EventCountry "NED"]

1. d4 d5 2. c4 dxc4 3. e3 Be6 4. Nc3 c6 5. a4 Nf6 6. e4 g6 7. Nf3 Na6 8. Ne5
Nb4 9. Be3 Nd3+ 10. Nxd3 cxd3 11. f3 Bg7 12. Bxd3 O-O 13. O-O Qa5 14. Ne2 Rad8
15. b4 Qc7 16. Rc1 Bc8 17. Qc2 Qd7 18. Rfd1 a6 19. Nc3 h5 20. b5 axb5 21. axb5
Kh7 22. Ne2 Bh6 23. Bxh6 Kxh6 24. bxc6 bxc6 25. Qxc6 Qxc6 26. Rxc6 Kg7 27. Rc7
Bd7 28. Rdc1 Ne8 29. Ra7 Nd6 30. Rb1 e6 31. Kf2 g5 32. g3 Rh8 33. Ke3 h4 34. g4
f6 35. Ra6 Bc8 36. Rc6 Nf7 37. Rc7 Rd7 38. Rbc1 Rxc7 39. Rxc7 Rd8 40. Nc3 Kf8
41. Na4 Nd6 42. Nc5 Ne8 43. Ra7 Nd6 44. h3 Re8 45. e5 fxe5 46. dxe5 Nf7 47. Bg6
Re7 48. Rxe7 Kxe7 49. Bxf7 Kxf7 50. Kd4 Ke7 51. Kc4 Kd8 52. Kb5 Kc7 53. Ne4
Bd7+ 54. Kc5 Bc6 55. Nxg5 Kd7 56. f4 Bg2 57. f5 exf5 58. gxf5 Ke7 59. f6+ Kd7
60. e6+ Ke8 61. Kd6 Bf1 62. f7+ Kf8 63. e7+ 1-0

[Event "19th Hogeschool Zeeland Tournament"]
[Site "Vlissingen"]
[Date "2015.08.06"]
[Round "7"]
[Board "27"]
[White "Linster, Philippe"]
[Black "Oosterom, Erik"]
[Result "1-0"]
[WhiteElo "2219"]
[BlackElo "2082"]
[PlyCount "41"]
[EventDate "2015.08.01"]
[EventRounds "9"]
[EventCountry "NED"]

1. c4 c6 2. g3 d5 3. Nf3 Nf6 4. Bg2 Bg4 5. Ne5 Be6 6. cxd5 Bxd5 7. Nf3 c5 8.
Nc3 Bc6 9. O-O e6 10. d4 cxd4 11. Nxd4 Bxg2 12. Kxg2 Nbd7 13. Ndb5 Qb8 14. Bf4
e5 15. Bg5 a6 16. Bxf6 Nxf6 17. Qa4 axb5 18. Qxb5+ Ke7 19. Rac1 Ra6 20. Rfd1
Rd6 21. Qxe5+ 1-0

[Event "19th Hogeschool Zeeland Tournament"]
[Site "Vlissingen"]
[Date "2015.08.06"]
[Round "7"]
[Board "28"]
[White "Riksen, John"]
[Black "Gijsen, Stief"]
[Result "1-0"]
[WhiteElo "1983"]
[BlackElo "2203"]
[PlyCount "59"]
[EventDate "2015.08.01"]
[EventRounds "9"]
[EventCountry "NED"]

1. d4 Nf6 2. c4 g6 3. Nf3 Bg7 4. g3 c6 5. Bg2 d5 6. O-O O-O 7. Nc3 dxc4 8. e4
b5 9. a3 Bb7 10. e5 Nd5 11. Ng5 Qb6 12. h4 Na6 13. h5 Nac7 14. hxg6 fxg6 15.
Nce4 Rad8 16. Qg4 Bc8 17. Qh4 h6 18. Nf3 g5 19. Bxg5 hxg5 20. Nfxg5 Bf5 21. Nc5
Nf6 22. exf6 Rxf6 23. Rad1 Nd5 24. Qh5 Qc7 25. Bh3 Qc8 26. Nce6 Bxe6 27. Bxe6+
Rxe6 28. Qf7+ Kh8 29. Qxe6 Bf6 30. Kg2 1-0

[Event "19th Hogeschool Zeeland Tournament"]
[Site "Vlissingen"]
[Date "2015.08.06"]
[Round "7"]
[Board "29"]
[White "Voege, Tobias"]
[Black "De Vleeschauwer, Maarten"]
[Result "1-0"]
[WhiteElo "2191"]
[BlackElo "2002"]
[PlyCount "81"]
[EventDate "2015.08.01"]
[EventRounds "9"]
[EventCountry "NED"]

1. c4 e5 2. g3 Nc6 3. Bg2 d6 4. Nc3 f5 5. e3 Nf6 6. Nge2 Be7 7. d4 O-O 8. O-O
Qe8 9. f4 e4 10. d5 Nb4 11. Bd2 Nd3 12. Nc1 Nxc1 13. Rxc1 a5 14. Nb5 Bd8 15.
Bc3 Nd7 16. Rf2 Nc5 17. Bf1 Bd7 18. Nd4 Bf6 19. b3 b6 20. a3 Qf7 21. Rb1 a4 22.
b4 Bxd4 23. Bxd4 Nb3 24. Bb2 Qg6 25. Rg2 Qg4 26. Be2 Qh3 27. Qc2 Be8 28. Qc3
Rf7 29. g4 Qh6 30. gxf5 Kh8 31. Kh1 Bd7 32. Rbg1 Rg8 33. f6 g6 34. Bd1 Re8 35.
Qe1 Kg8 36. Bg4 Bxg4 37. Rxg4 b5 38. Rh4 Qf8 39. cxb5 Rb8 40. f5 Rxf6 41. Qc3
 1-0

[Event "19th Hogeschool Zeeland Tournament"]
[Site "Vlissingen"]
[Date "2015.08.06"]
[Round "7"]
[Board "30"]
[White "Bloem, Mark"]
[Black "Grochal, Joey"]
[Result "0-1"]
[WhiteElo "1959"]
[BlackElo "2187"]
[PlyCount "70"]
[EventDate "2015.08.01"]
[EventRounds "9"]
[EventCountry "NED"]

1. e4 c5 2. Nf3 e6 3. d4 cxd4 4. Nxd4 Nc6 5. c4 Nf6 6. Nc3 Bb4 7. Qd3 O-O 8.
Be2 d5 9. Nxc6 bxc6 10. exd5 cxd5 11. O-O Ba6 12. Nb5 Rc8 13. cxd5 Qxd5 14.
Qxd5 Nxd5 15. Nc3 Bxe2 16. Nxe2 Be7 17. Nf4 Rxc1 18. Rfxc1 Nxf4 19. Rc7 Bf6 20.
Rd1 Bd4 21. Rb7 e5 22. g3 Ne6 23. Rc1 g5 24. Kg2 g4 25. b4 Rd8 26. a4 Rd5 27.
Rd1 Rd8 28. Rc1 Kg7 29. a5 Rd5 30. Rb8 e4 31. Rc2 e3 32. fxe3 Bxe3 33. b5 Rd1
34. h3 Rg1+ 35. Kh2 Nd4 0-1